• 首页
  • 本馆介绍
  • 公告通知
  • 最新文献
  • 馆藏检索
  • 电子资源
  • 读者导购
  • 参考咨询
  • 我的图书馆
  • 登录
  • 详细信息显示
  • 放入我的书架
  • 预约/预借图书
  • 作者相关作品
  • 分类相关作品
  • 丛书相关作品
  • 出版社相关作品

书目信息

  • 表格格式
  • 工作单格式
  • 卡片格式
题名:
名医心鉴
    
 
作者: 张伯礼 主编
分册:  
出版信息: 北京   中国中医药出版社  2018.03
页数: 431页
开本: 26cm
丛书名:
单 册:
中图分类: R249.76 , R249.7
科图分类:
主题词: 中医临床--经验--中国--现代
电子资源:
ISBN: 978-7-5132-4778-8
000 00998nam0 2200253 450
001 4460
005 20181012094046.85
010    @a978-7-5132-4778-8@dCNY98.00
100    @a20180612d2018 em y0chiy50 ea
101 0  @achi
102    @aCN@b110000
105    @ay z 000yy
200 1  @a名医心鉴@9ming yi xin jian@f张伯礼主编
210    @a北京@c中国中医药出版社@d2018.03
215    @a431页@d26cm
312    @a封面其他题名信息:《环球中医药》名医经验传承百篇
330    @a本书从《环球中医药》杂志2015-2017年发表的名医经验文章中选择113篇呈献给读者,按照类别分为17章,包括理论探讨、用药(方)经验、肺系疾病、心系疾病、脾胃疾病、肝胆疾病、肾系疾病、糖尿病、风湿免疫病、肿瘤疾病等。
517 1  @a《环球中医药》名医经验传承百篇@9《huan qiu zhong yi yao》ming yi jing yan chuan cheng bai pian
606 0  @a中医临床@x经验@y中国@z现代
690    @aR249.76@v5
690    @aR249.7@v4
701  0 @a张伯礼@9zhang bo li@f(1948-)@4主编
801  0 @aCN@b91MARC@c20180612
905    @aMuseLib@dR249.7@e462
    
    名医心鉴/张伯礼主编.-北京:中国中医药出版社,2018.03
    431页;26cm
    
    
    ISBN 978-7-5132-4778-8:CNY98.00
    本书从《环球中医药》杂志2015-2017年发表的名医经验文章中选择113篇呈献给读者,按照类别分为17章,包括理论探讨、用药(方)经验、肺系疾病、心系疾病、脾胃疾病、肝胆疾病、肾系疾病、糖尿病、风湿免疫病、肿瘤疾病等。
●
相关链接 在E读中查询图书 在五车中查询图书 在当当中查询图书 在豆瓣中查询图书


正题名:名医心鉴     索取号:R249.7/462         预约/预借

序号 登录号 条形码 馆藏地/架位号 状态 备注
1 1125216   211252160   第二样本阅览室/ [索取号:R249.7/462] 在馆    
2 1125217   211252179   第三借阅区/ [索取号:R249.7/462] 在馆    
3 1125218   211252188   第三借阅区/ [索取号:R249.7/462] 在馆    
4 1125219   211252197   第三借阅区/ [索取号:R249.7/462] 在馆    
5 1125220   211252204   密集书库-生命科学系/ [索取号:R249.7/462] 在馆    
欢迎您!
大连网信软件有限公司© 版权所有